| 000 | 00795nam a22001817a 4500 | ||
|---|---|---|---|
| 005 | 20241029111214.0 | ||
| 010 | _aHIN-128739 | ||
| 020 |
_c450.00 _a9788195102426 |
||
| 035 | _aHN-101085 | ||
| 037 | _bDBAD | ||
| 082 | _a301.0954 | ||
| 100 |
_aकौशिक, जय नारायण _973599 |
||
| 245 |
_bफीचर के दर्पण से/ _aभारतीय समाज बदलते आयामः _cजय नारायण कौशिक |
||
| 260 |
_aदिल्ली _bजास्मिन पब्लिकेशन _c2021 |
||
| 270 |
_a29/61ए, लेन नं.11, विश्वास नगर _bदिल्ली _e110032 |
||
| 300 |
_a160पृ. _c22सेंमी.(सजिल्द) |
||
| 942 |
_2ddc _cHN _h301.0954 _mकौशिक |
||
| 999 |
_c206836 _d206836 |
||